| 000 | 00739nam a2200229 4500 | ||
|---|---|---|---|
| 003 | OSt | ||
| 005 | 20260601193848.0 | ||
| 008 | 260420b20022008spaa|||| |||| 00| 0 spa d | ||
| 040 |
_aICI _bspa _cICI |
||
| 050 |
_aNA750 _bM55 2008 |
||
| 100 | 1 |
_aMijares Bracho, Carlos, _d1930-2015, _931801 |
|
| 245 | 1 |
_aTránsitos y demoras : _besbozos sobre el quehacer arquitectónico / _cCarlos Mijares Bracho |
|
| 246 | 3 | _aQuehacer arquitectónico | |
| 264 |
_bUNAM, Facultad de Arquitectura, _c2008 _aMéxico : |
||
| 300 |
_a191 páginas _bilustraciones |
||
| 336 |
_atexto _2rdacontent |
||
| 337 |
_asin medio _2rdamedia |
||
| 338 |
_avolumen _2rdacarrier |
||
| 650 |
_aArquitectura _zMéxico _9596 |
||
| 650 |
_aArquitectura _95213 |
||
| 942 |
_2lcc _cB |
||
| 999 |
_c21734 _d21734 |
||